Normal view
MARC view
- SIGNAL PROCESSING.MATHEMATICAL TECHNIQUES IN MULTISENSOR DATA FUSION
Entry Topical Term
001 - CONTROL NUMBER
- control field: 56604
003 - CONTROL NUMBER IDENTIFIER
- control field: NUST
005 - DATE AND TIME OF LATEST TRANSACTION
- control field: 20210628201734.0
008 - FIXED-LENGTH DATA ELEMENTS
- fixed length control field: 210628|| aca||aabn | a|a d
040 ## - CATALOGING SOURCE
- Original cataloging agency: NUST
- Transcribing agency: NUST
150 ## - HEADING--TOPICAL TERM
- Topical term or geographic name entry element: SIGNAL PROCESSING.MATHEMATICAL TECHNIQUES IN MULTISENSOR DATA FUSION
670 ## - SOURCE DATA FOUND
- Source citation: Work cat.: (NUST): Hall, David.L ,Mcmullen, Sonya A.H 56603, Mathematical techniques in multisensor data fusion, 2004
